| 000 | 01054nam a22003137a 4500 | ||
|---|---|---|---|
| 003 | CHAP | ||
| 005 | 20220817044232.0 | ||
| 008 | 081113s2007 mx a r 00010 spa d | ||
| 010 | _a95374 | ||
| 011 | _a96346 | ||
| 035 | _a106997 | ||
| 040 | _cCHAP | ||
| 082 | 0 | 4 |
_a633.34 _bA55 |
| 100 | 1 |
_aArmijo Florentino, Cecilia _97206 |
|
| 245 | 1 | 0 |
_aMonografía de la soya _c/por Cecilia Armijo Florentino ...[y otros] |
| 260 |
_aChapingo, Méx. : _bUACH. Departamento de Preparatoria Agrícola, _c2007 |
||
| 300 |
_a65 p. : _bilus. ; cuadros |
||
| 590 |
_aBATCH-UPD _b10 _c20130110 _lUCH01 _h0347 |
||
| 590 |
_aBATCH-UPD _b10 _c20130110 _lUCH01 _h1815 |
||
| 590 |
_aBATCH-UPD _b10 _c20130410 _lUCH01 _h0020 |
||
| 590 |
_aBATCH-UPD _b10 _c20130914 _lUCH01 _h0356 |
||
| 590 |
_aCONVERSION _b10 _c20130109 _lUCH01 _h1353 |
||
| 650 | 1 | 4 |
_aCultivos. _930221 |
| 650 | 1 | 4 |
_aSoya. _9109013 |
| 710 | 0 | _aUACH. Departamento de Preparatoria Agrícola. | |
| 901 | _aBK | ||
| 942 | _cLIBRO | ||
| 949 |
_a633.34 A55 _bBC _cLIBRO _d33724002078033 _eLIBRO _gDonaciØn _h109830 _i106997 _si |
||
| 999 |
_c95374 _d95374 |
||